00330nam a2200133 a 45000010010000000030011000100080041000210350026000620820016000881000022001042450022001262600037001486500011001850000-8585ELIB.Books110520 1952  a(ELIB.Books)0000-8731 a264.1 bJam aJames, Francis B. aThe Way of Prayer bLondon: The Epworth Press c1952 aPrayer